| 000 | 00736cam a2200229 4500 | ||
|---|---|---|---|
| 001 | ABS66959 | ||
| 008 | 030821n2003 000 0 eng u | ||
| 035 | _a(Sirsi) u123338 | ||
| 100 | _aGwyther, K. | ||
| 245 | _aCaught in the Act | ||
| 260 | _c2003 | ||
| 490 |
_aEstates Gazette _v(0332) 9 August 2003, 66(1) |
||
| 520 | _aDiscusses the liability of company directors under the recent anti-competition laws introduced by the Enterprise Act 2002 which came into effect from 20 June 2003. | ||
| 590 | _aABS | ||
| 650 | _aENTERPRISE ACT 2002 | ||
| 650 | _aCOMPETITION LAW | ||
| 650 | _aCARTELS | ||
| 650 | _aCRIMINAL PROCEEDINGS | ||
| 650 | _aCOMPETITION ACT 1998 | ||
| 690 | _aMANAGEMENT-BUSINESS MANAGEMENT | ||
| 942 | _n0 | ||
| 999 |
_c73269 _d73269 |
||